000 00297nam a22001217a 4500
008 180131b xxu||||| |||| 00| 0 eng d
041 _aeng
080 _a611.085
100 _a9
101 _aHIS
245 _aHistological typing of breast tumours
_cWorld health organization
942 _2udc
_cBK
999 _c41396
_d41396